| 000 | 00330 a2200097 4500 | ||
|---|---|---|---|
| 082 | _a954.9183 DES | ||
| 100 | _aDesouza,Ronald | ||
| 245 |
_aKarachi During the British Era : Two Histories of a Modern City / _cRonald Desouza |
||
| 260 |
_aPakistan : _cOxford University Press, _b2007 |
||
| 300 |
_a155p. : _c25cm |
||
| 650 |
_aHistory - Karachi _yKarachi - British Era |
||
| 999 |
_c2351 _d2351 |
||